| 000 | 00554nam a2200181 i 4500 | ||
|---|---|---|---|
| 001 | 104936 | ||
| 003 | ES-MaACL | ||
| 005 | 20230906183729.0 | ||
| 007 | t| | ||
| 008 | 060530s1921 fr ||||1| fre d | ||
| 080 | _a821.133.1-23"18" | ||
| 100 | 1 |
_aRostand, Edmond. _999921 |
|
| 245 | 1 | 3 |
_aLa princesse lointaine _b: pièce en quatre actes en vers / _cEdmond Rostand. |
| 260 |
_aParis : _bCharpentier et Fasquelle, _c1921. |
||
| 300 |
_a197 p. ; _c20 cm. |
||
| 500 | _aBiblioteca Jacinto Martínez Lacalle. | ||
| 852 |
_aES-MaACL _jE-11329 _bR.139021 |
||
| 999 |
_c104936 _d104936 |
||